[Event "Pacific Ocean Regional Championship"]
[Site "SchemingMind.com"]
[Date "2011.09.05"]
[Round "-"]
[White "César Jesús Reyes Maldonado"]
[Black "marooned"]
[Result "1-0"]
[WhiteCountry "VEN"]
[BlackCountry "CHI"]
[WhiteElo "2426"]
[WhiteRD "54"]
[BlackElo "1904"]
[BlackRD "88"]
[GameID "292317"]

1. e4 e5 2. Nf3 Nc6 3. Bb5 f5 4. Nc3 Nf6 5. exf5 e4 6. Nh4 Nd4 7. Ba4 c6 8. O-O Be7 9. d3 d5 10. dxe4 dxe4
11. Re1 Nxf5 12. Bg5 O-O 13. Bb3+ Kh8 14. Nxe4 Nxe4 15. Qxd8 Bxd8 16. Bxd8 Rxd8 17. Rxe4 Nxh4 18. Rxh4 Bf5 19. Rc4 Rd2 20. Rc5 Rad8
21. Re1 Bg6 22. f4 h6 23. f5 Bh7 24. Rce5 R8d7 25. Re8+ Bg8 26. Bxg8
1-0

[Event "Pacific Ocean Regional Championship"]
[Site "SchemingMind.com"]
[Date "2011.09.05"]
[Round "-"]
[White "marooned"]
[Black "César Jesús Reyes Maldonado"]
[Result "0-1"]
[WhiteCountry "CHI"]
[BlackCountry "VEN"]
[WhiteElo "1904"]
[WhiteRD "88"]
[BlackElo "2426"]
[BlackRD "54"]
[GameID "292322"]

1. d4 Nf6 2. g3 g6 3. Bg2 Bg7 4. c4 O-O 5. Nc3 d6 6. Nf3 Nbd7 7. O-O e5 8. e4 c6 9. Be3 Ng4 10. Bg5 f6
11. Bd2 exd4 12. Nxd4 Nc5 13. Nce2 a5 14. h3 Ne5 15. b3 Nf7 16. Rc1 Ng5 17. Bxg5 fxg5 18. f3 Be6 19. Nxe6 Nxe6 20. Qd2 Be5
21. Rcd1 Qf6 22. Qe3 c5 23. Qd3 a4 24. bxa4 Rxa4 25. Qb3 Nd4 26. Nxd4 Bxd4+ 27. Kh1 Rb4 28. Qc2 Qe5 29. Kh2 h5 30. Rb1 h4
31. Rxb4 Qxg3+ 32. Kh1 Be5 33. Kg1 Qh2+ 34. Kf2 g4
0-1

[Event "Pacific Ocean Regional Championship"]
[Site "SchemingMind.com"]
[Date "2011.09.26"]
[Round "-"]
[White "Timaeus"]
[Black "Phil Cook"]
[Result "0-1"]
[WhiteCountry "JPN"]
[BlackCountry "NZL"]
[WhiteElo "1494"]
[WhiteRD "68"]
[BlackElo "2098"]
[BlackRD "87"]
[GameID "293811"]

1. e4 c5 2. Bc4 e6 3. d3 d5 4. exd5 exd5 5. Bb5+ Bd7 6. c4 Bxb5 7. cxb5 Nf6 8. d4 cxd4 9. Qxd4 Nbd7 10. Bg5 Bc5
11. Bxf6 Bxd4 12. Bxd4 Qg5 13. g3 Qc1+ 14. Ke2 O-O 15. h4 Qc4+ 16. Kf3 Qxd4 17. Kg2 Qxb2
0-1

[Event "Pacific Ocean Regional Championship"]
[Site "SchemingMind.com"]
[Date "2011.09.27"]
[Round "-"]
[White "Phil Cook"]
[Black "Timaeus"]
[Result "1-0"]
[WhiteCountry "NZL"]
[BlackCountry "JPN"]
[WhiteElo "2134"]
[WhiteRD "88"]
[BlackElo "1454"]
[BlackRD "67"]
[GameID "293818"]

1. e4 e5 2. Nf3 d6 3. d4 Nc6 4. dxe5 dxe5 5. Qxd8+ Nxd8 6. Nxe5 f5 7. Nc3 Bb4 8. Bd2 fxe4 9. O-O-O Bxc3 10. Bxc3 Bg4
11. Nxg4 Ne6 12. Bc4 Nf4 13. Bxg7
1-0

[Event "Pacific Ocean Regional Championship"]
[Site "SchemingMind.com"]
[Date "2011.09.27"]
[Round "-"]
[White "flammablepawn"]
[Black "Tanis"]
[Result "0-1"]
[WhiteCountry "USA"]
[BlackCountry "CHN"]
[WhiteElo "1893"]
[WhiteRD "71"]
[BlackElo "2139"]
[BlackRD "88"]
[GameID "293960"]

1. b4 e5 2. Bb2 Bxb4 3. Bxe5 Nf6 4. Nf3 O-O 5. e3 d5 6. Be2 Re8 7. O-O Nc6 8. Bb2 Bf5 9. d3 Qe7 10. Nbd2 Rad8
11. c3 Bc5 12. Nb3 Bxe3 13. Re1 Bxf2+ 14. Kxf2 Qe3+ 15. Kf1 Ng4
0-1

[Event "Pacific Ocean Regional Championship"]
[Site "SchemingMind.com"]
[Date "2011.09.28"]
[Round "-"]
[White "Tanis"]
[Black "flammablepawn"]
[Result "1-0"]
[WhiteCountry "CHN"]
[BlackCountry "USA"]
[WhiteElo "2139"]
[WhiteRD "88"]
[BlackElo "1893"]
[BlackRD "71"]
[GameID "293964"]

1. e4 e6 2. d3 d5 3. Nd2 Nf6 4. Ngf3 dxe4 5. dxe4 Be7 6. Bd3 O-O 7. O-O Nbd7 8. c3 b6 9. e5 Ne8 10. Qc2 h6
11. Bh7+ Kh8 12. Be4 Rb8 13. Nd4 Bb7 14. Bxb7
1-0

[Event "Pacific Ocean Regional Championship"]
[Site "SchemingMind.com"]
[Date "2011.09.28"]
[Round "-"]
[White "pengle"]
[Black "bluerabbit"]
[Result "0-1"]
[WhiteCountry "USA"]
[BlackCountry "NZL"]
[WhiteElo "1793"]
[WhiteRD "90"]
[BlackElo "1752"]
[BlackRD "95"]
[GameID "294066"]

1. d4 d5 2. c4 dxc4 3. Nc3 a6 4. a4 e5 5. e3 exd4 6. exd4 Bb4 7. Ne2 Ne7 8. Bg5 O-O 9. Bd2 Re8 10. Na2 Bxd2+
11. Qxd2 Nbc6 12. Nac3 Nf5 13. d5 Nb4 14. g3 Nd3+ 15. Kd1 Nxf2+ 16. Kc1 Nxh1 17. Nf4 Ne3 18. Nd1 Nxf1 19. Qg2 Re1 20. Kc2 Bf5+
21. Kc3 Qf6+ 22. Kxc4 Rxd1 23. Ra3 Qd4+ 24. Kb3 Rd2 25. Qxf1 Rxb2#
0-1

[Event "Pacific Ocean Regional Championship"]
[Site "SchemingMind.com"]
[Date "2011.09.29"]
[Round "-"]
[White "AussieMossie"]
[Black "VladimirII"]
[Result "0-1"]
[WhiteCountry "AUS"]
[BlackCountry "RUS"]
[WhiteElo "2171"]
[WhiteRD "119"]
[BlackElo "2161"]
[BlackRD "126"]
[GameID "294067"]

1. e4 d6 2. d4 Nf6 3. Nc3 e5 4. dxe5 dxe5 5. Qxd8+ Kxd8 6. Nf3 Bd6 7. Be3 Ke7 8. h3 h6 9. O-O-O Be6 10. Kb1 c6
11. Bd3 Nbd7 12. a3 b5 13. g4 a5 14. Ne2 Rab8 15. Ng3 g6 16. Rd2 a4 17. c3 c5 18. Rhd1 b4 19. axb4 cxb4 20. c4 Rbc8
21. Nf5+ gxf5 22. exf5 Bd5 23. cxd5 e4 24. Re1 Kf8 25. Ba6 Ra8 26. Bb5 exf3 27. Bd4 Rg8 28. Rc2 h5 29. gxh5 Rg2 30. h6 Kg8
31. Rc6 Bf4 32. Bxf6 Nxf6 33. Rxf6 Rxf2 34. Re4 Bg5 35. Rc6 Rg2 36. Rxb4 Rb8
0-1

[Event "Pacific Ocean Regional Championship"]
[Site "SchemingMind.com"]
[Date "2011.09.28"]
[Round "-"]
[White "bluerabbit"]
[Black "pengle"]
[Result "0-1"]
[WhiteCountry "NZL"]
[BlackCountry "USA"]
[WhiteElo "1704"]
[WhiteRD "93"]
[BlackElo "1824"]
[BlackRD "88"]
[GameID "294070"]

1. e4 c5 2. Nf3 e6 3. d4 cxd4 4. Nxd4 Bc5 5. Nb3 Bb6 6. c4 Qh4 7. Qf3 Nf6 8. Nc3 Nc6 9. Bf4 e5 10. g3 Qg4
11. Qxg4 Nxg4 12. c5 Bd8 13. Bd2 O-O 14. f3 Nf6 15. Nd5 b6 16. O-O-O Nxd5 17. exd5 Nd4 18. Nxd4 exd4 19. Bb4 Be7 20. d6 Bf6
21. Bd3 Bb7 22. Be4 Bxe4 23. fxe4 bxc5 24. Ba3 Rac8 25. Kb1 Be5 26. b4 Rb8 27. Kc2 Bxd6 28. bxc5 Rfc8 29. Kd3 Be5 30. Rc1 g6
31. Rc4 Rc6 32. Rhc1 a6 33. R1c2 h5 34. Bb2 d6 35. cxd6 Rxc4 36. Rxc4 Rxb2 37. d7 Bf6 38. e5 Be7 39. Rc8+ Kg7 40. Re8 Bg5
41. h4 Rb7 42. d8=Q Bxd8 43. Rxd8 Rb2 44. Rd7 Kf8 45. Rxd4 Rxa2 46. Ke4 Ke7 47. Rd1 a5 48. Kf4 a4 49. Ke4 a3 50. Kf3 Rc2
51. Ra1 a2 52. Ke3 Ke6 53. Kf4 f6 54. exf6 Kxf6 55. Ke4 Rb2 56. Kd5 Kf5 57. Kc4 Kg4
0-1

[Event "Pacific Ocean Regional Championship"]
[Site "SchemingMind.com"]
[Date "2011.09.29"]
[Round "-"]
[White "VladimirII"]
[Black "AussieMossie"]
[Result "1-0"]
[WhiteCountry "RUS"]
[BlackCountry "AUS"]
[WhiteElo "2090"]
[WhiteRD "134"]
[BlackElo "2217"]
[BlackRD "120"]
[GameID "294071"]

1. e4 c5 2. Nc3 Nc6 3. Nf3 e5 4. Bc4 Be7 5. d3 Nf6 6. O-O O-O 7. h3 d6 8. Nd5 Rb8 9. c3 b5 10. Bb3 Be6
11. Re1 Re8 12. Be3 h6 13. Nd2 Qd7 14. Qf3 Kh7 15. a4 b4 16. a5 Rec8 17. a6 Qd8 18. Reb1 Ne8 19. Ba4 Bg5 20. Nc4 Bxe3
21. fxe3 Qg5 22. Rf1 h5 23. Rac1 h4 24. Kh1 Kg8 25. Rf2 Kh7 26. Rcf1 bxc3 27. bxc3
1-0

[Event "Pacific Ocean Regional Championship"]
[Site "SchemingMind.com"]
[Date "2011.10.01"]
[Round "-"]
[White "e_castle3"]
[Black "banong"]
[Result "1-0"]
[WhiteCountry "PHI"]
[BlackCountry "PHI"]
[WhiteElo "1877"]
[WhiteRD "52"]
[BlackElo "1589"]
[BlackRD "64"]
[GameID "294154"]

1. e4 e5 2. Nf3 Nc6 3. Bb5 a6 4. Ba4 b5 5. Bb3 Nf6 6. d3 Bc5 7. O-O O-O 8. Be3 Bxe3 9. fxe3 d6 10. h3 Bd7
11. c3 Qc8 12. Qe1 Bxh3 13. gxh3 Qxh3 14. Qh4 Qxh4 15. Nxh4 h6 16. Nd2 Ng4 17. Rae1 Ne7 18. Kg2 Ng6 19. Nxg6
1-0

[Event "Pacific Ocean Regional Championship"]
[Site "SchemingMind.com"]
[Date "2011.09.30"]
[Round "-"]
[White "banong"]
[Black "e_castle3"]
[Result "0-1"]
[WhiteCountry "PHI"]
[BlackCountry "PHI"]
[WhiteElo "1589"]
[WhiteRD "64"]
[BlackElo "1877"]
[BlackRD "52"]
[GameID "294156"]

1. e4 c6 2. Nf3 d5 3. Nc3 dxe4 4. Nxe4 Nd7 5. d3 Ngf6 6. Nxf6+ Nxf6 7. Bg5 h6 8. g3 hxg5 9. Nxg5 g6 10. Bg2 Bh6
11. Nf3 Bg4 12. h3 Qa5+ 13. c3 Bxf3 14. Qxf3 Qe5+ 15. Kd1 Qg5 16. Qe2 Rd8 17. h4 Qb5 18. c4 Qxc4 19. Ke1 Qxd3 20. Qxd3 Rxd3
0-1

[Event "Pacific Ocean Regional Championship"]
[Site "SchemingMind.com"]
[Date "2011.10.03"]
[Round "-"]
[White "littleboo"]
[Black "latvija"]
[Result "1-0"]
[WhiteCountry "USA"]
[BlackCountry "USA"]
[WhiteElo "2172"]
[WhiteRD "82"]
[BlackElo "2298"]
[BlackRD "116"]
[GameID "294513"]

1. e4 c5 2. Nf3 e6 3. Nc3 a6 4. d4 cxd4 5. Nxd4 Nc6 6. Be3 Qc7 7. f4 b5 8. a3 Bb7 9. Nb3 Be7 10. Bd3 d6
11. O-O Nf6 12. Qf3 O-O 13. Qg3 Nd7 14. Qh3 Nf6 15. g4 g6 16. g5 Nh5 17. f5 exf5 18. Nd5 Qd8 19. Nxe7+ Qxe7 20. exf5 Ne5
21. Nd4 Nxd3 22. cxd3 Rae8 23. Rae1 Qe5 24. b3 Rc8 25. a4 Rc3 26. axb5 axb5 27. Rd1 Re8 28. Rfe1 Qd5 29. Kf2 Ng7 30. Re2 Re5
31. f6 Nf5 32. Nxf5 Rxf5+ 33. Ke1 Rxd3 34. Rxd3 Qxd3 35. Bc1 Rf1+ 36. Qxf1 Qc3+ 37. Bd2 Qa1+ 38. Kf2 Qd4+ 39. Kg3 h5 40. Qf4 Qd5
41. Re3 Qg2+ 42. Kh4 Bd5 43. Bb4 Qa2 44. Qg3 Qc2 45. Bxd6
1-0

[Event "Pacific Ocean Regional Championship"]
[Site "SchemingMind.com"]
[Date "2011.10.03"]
[Round "-"]
[White "latvija"]
[Black "littleboo"]
[Result "1-0"]
[WhiteCountry "USA"]
[BlackCountry "USA"]
[WhiteElo "2321"]
[WhiteRD "115"]
[BlackElo "2165"]
[BlackRD "80"]
[GameID "294516"]

1. e4 c5 2. Nf3 Nc6 3. d4 cxd4 4. Nxd4 d5 5. Bb5 dxe4 6. Nxc6 Qxd1+ 7. Kxd1 a6 8. Ba4 Bd7 9. Nc3 Bxc6 10. Bxc6+ bxc6
11. Nxe4 e5 12. Re1 f5 13. Ng3 O-O-O+ 14. Bd2 f4 15. Ne4 Rd7 16. c4 Nh6 17. Ke2 Nf5 18. Rad1 Nd4+ 19. Kf1 Nc2 20. Re2 Be7
21. c5 Rf8 22. Nd6+ Bxd6 23. cxd6 Rxd6 24. Rc1 f3 25. gxf3 Nd4 26. Bb4 Nxe2 27. Kxe2 Kd7 28. Bxd6 Kxd6 29. Rd1+ Ke6 30. Rc1 Kd7
31. Rc4 Rf4 32. Rxf4 exf4 33. Kd3 g5 34. Ke4 Ke6 35. b4 h6 36. a3 h5 37. h3 h4 38. a4 Kd6 39. Kd4 Kc7 40. Ke5 Kb6
41. Kd6 a5 42. bxa5+ Kxa5 43. Kxc6 Kxa4 44. Kd6 Kb3 45. Ke5 Kc3 46. Kf5 Kd4 47. Kxg5 Ke5 48. Kh5 Kf6 49. Kxh4 Kg6 50. Kg4
1-0

[Event "Pacific Ocean Regional Championship"]
[Site "SchemingMind.com"]
[Date "2011.10.08"]
[Round "-"]
[White "maro"]
[Black "wayder"]
[Result "0-1"]
[WhiteCountry "MEX"]
[BlackCountry "USA"]
[WhiteElo "1376"]
[WhiteRD "56"]
[BlackElo "1878"]
[BlackRD "90"]
[GameID "294611"]

1. e4 e5 2. Nc3 Nf6 3. d3 Bb4 4. Bd2 O-O 5. a3 Bc5 6. Nh3 d6 7. Be2 Nc6 8. O-O Bxh3 9. gxh3 d5 10. exd5 Nxd5
11. Nxd5 Qxd5 12. Bf3 Qe6 13. Bg4 f5 14. Bf3 e4 15. dxe4 fxe4 16. Bg4 Qg6 17. Be3 Bxe3 18. fxe3 h5 19. Qd5+ Kh8 20. Rxf8+ Rxf8
0-1

[Event "Pacific Ocean Regional Championship"]
[Site "SchemingMind.com"]
[Date "2011.10.08"]
[Round "-"]
[White "wayder"]
[Black "maro"]
[Result "1-0"]
[WhiteCountry "USA"]
[BlackCountry "MEX"]
[WhiteElo "1878"]
[WhiteRD "90"]
[BlackElo "1376"]
[BlackRD "56"]
[GameID "294613"]

1. d4 d5 2. c4 e6 3. Nf3 Nf6 4. Nc3 Ne4 5. a3 Be7 6. Bf4 Nxc3 7. bxc3 dxc4 8. e4 Nc6 9. Bxc4 O-O 10. O-O Na5
11. Ba2 b6 12. Rb1 Ba6 13. Ne5 Bxf1 14. Kxf1 Qe8 15. Qg4 Bf6 16. h4 h6 17. Bxh6 Bxe5 18. dxe5
1-0

[Event "Pacific Ocean Regional Championship"]
[Site "SchemingMind.com"]
[Date "2011.12.04"]
[Round "-"]
[White "Phil Cook"]
[Black "littleboo"]
[Result "0-1"]
[WhiteCountry "NZL"]
[BlackCountry "USA"]
[WhiteElo "2041"]
[WhiteRD "86"]
[BlackElo "2182"]
[BlackRD "80"]
[GameID "298428"]

1. e4 c5 2. Nf3 Nc6 3. d4 cxd4 4. Nxd4 d5 5. Nxc6 bxc6 6. exd5 Qxd5 7. Qxd5 cxd5 8. Bb5+ Bd7 9. Bxd7+ Kxd7 10. O-O e6
11. Nc3 Rb8 12. Na4 Rc8 13. c3 Nf6 14. Be3 Rc4 15. b3 Rc7 16. Rad1 Bd6 17. Bd4 e5 18. Be3 Ke6 19. Rd2 Ne4 20. Rd3 f5
21. Rfd1 f4 22. f3 fxe3 23. fxe4 d4 24. cxd4 exd4 25. Rxd4 Rd8 26. Rd5 e2 27. Re1 Rf8 28. Rf5 Rxf5 29. exf5+ Kxf5 30. Rxe2 Rc1+
31. Kf2 Bxh2 32. g3 Bg1+ 33. Kf3 Bd4 34. g4+ Kg5 35. Rh2 Rf1+ 36. Ke2 Rf8 37. Rxh7 Kxg4 38. Kd3 Rd8 39. Kc4 Be5 40. Nc5 Rd2
41. Nd3 Rc2+ 42. Kd5 Bf6 43. a3 Kf5 44. Nc5 Rc3 45. Rh1 Rf3 46. Rh8 g5 47. Rf8 g4 48. Nd7 Kg5 49. Rg8+ Kh4
0-1

[Event "Pacific Ocean Regional Championship"]
[Site "SchemingMind.com"]
[Date "2011.12.04"]
[Round "-"]
[White "littleboo"]
[Black "Phil Cook"]
[Result "1-0"]
[WhiteCountry "USA"]
[BlackCountry "NZL"]
[WhiteElo "2182"]
[WhiteRD "80"]
[BlackElo "2041"]
[BlackRD "86"]
[GameID "298431"]

1. e4 c5 2. Nc3 Nc6 3. Bc4 Nf6 4. d3 e6 5. Nf3 d5 6. Bb5 d4 7. Bxc6+ bxc6 8. Ne2 Be7 9. O-O O-O 10. e5 Nd5
11. c4 Nb6 12. Ng3 Qc7 13. Qe2 Nd7 14. Re1 Re8 15. Qe4 Rb8 16. b3 a5 17. Qg4 f5 18. Qh5 g6 19. Qh3 Rb7 20. Bf4 Ra7
21. Rab1 a4 22. a3 Qb6 23. bxa4 Qd8 24. Bd2 Rxa4 25. Rb3 Bf8 26. Bh6 Qa5 27. Bxf8 Nxf8 28. Ra1 Rb4 29. Rab1 Ra4 30. Qh6 Rxa3
31. Rb7 Bd7 32. Ne1 Ra1 33. Nf1 Rxb1 34. Rxb1 Qc7 35. Nf3 Ra8 36. Qg5 Bc8 37. Ng3 Ra3 38. Nh5 Qb6 39. Nd2 Qa7 40. Nf6+ Kh8
41. Ne8 Qd7 42. Nd6 Ra8 43. Nf3 Kg8 44. Ne1 Ba6 45. f4 Qg7 46. Qg3 Qe7 47. Nf3
1-0

[Event "Pacific Ocean Regional Championship"]
[Site "SchemingMind.com"]
[Date "2011.12.19"]
[Round "-"]
[White "e_castle3"]
[Black "wayder"]
[Result "0-1"]
[WhiteCountry "PHI"]
[BlackCountry "USA"]
[WhiteElo "1870"]
[WhiteRD "61"]
[BlackElo "1938"]
[BlackRD "92"]
[GameID "299248"]

1. e4 e5 2. Nf3 Nc6 3. Bb5 f5 4. d3 fxe4 5. dxe4 Nf6 6. Bxc6 bxc6 7. Bg5 Ba6 8. Nc3 Bb4 9. a3 Ba5 10. b4 Bb6
11. Nxe5 Qe7 12. Bxf6 Qxf6 13. Qxd7+ Kf8 14. Qf5 Qxf5 15. exf5 Bd4 16. Nd7+ Ke7 17. O-O-O Bxc3 18. Nc5 Be2 19. Rd7+ Ke8 20. Rxc7 a5
21. Ne4 axb4 22. Nxc3 bxc3 23. Rxc6 Rxa3 24. Kb1 Kd7 25. Rb6 Rha8 26. Kc1 Ra1+ 27. Rb1 R8a2 28. Re1 Bd3 29. cxd3 c2
0-1

[Event "Pacific Ocean Regional Championship"]
[Site "SchemingMind.com"]
[Date "2011.12.17"]
[Round "-"]
[White "wayder"]
[Black "e_castle3"]
[Result "1-0"]
[WhiteCountry "USA"]
[BlackCountry "PHI"]
[WhiteElo "1900"]
[WhiteRD "93"]
[BlackElo "1889"]
[BlackRD "58"]
[GameID "299253"]

1. d4 d5 2. c4 c6 3. Nf3 Nf6 4. Nc3 e6 5. e3 Bd6 6. Qc2 O-O 7. Bd3 dxc4 8. Bxc4 b5 9. Bb3 a5 10. Qd3 Ba6
11. Qc2 a4 12. Bxa4 bxa4 13. e4 Bc7 14. Bg5 h6 15. Bh4 g5 16. Nxg5 hxg5 17. Bxg5 Qxd4 18. Rd1 Qe5 19. f4 Qa5 20. Bxf6
1-0

[Event "Pacific Ocean Regional Championship"]
[Site "SchemingMind.com"]
[Date "2012.01.06"]
[Round "-"]
[White "Tanis"]
[Black "pengle"]
[Result "1-0"]
[WhiteCountry "CHN"]
[BlackCountry "USA"]
[WhiteElo "2128"]
[WhiteRD "90"]
[BlackElo "1824"]
[BlackRD "88"]
[GameID "300715"]

1. e4 c5 2. Nf3 Nc6 3. Bb5 Qc7 4. O-O a6 5. Bxc6 Qxc6 6. d4 cxd4 7. Nxd4 Qxe4 8. Nc3 Qg6 9. Nd5 Kd8 10. Nf3 d6
11. Qd4 Bh3 12. Qb6+ Ke8 13. Nc7+ Kd8 14. Nxa8+ Ke8 15. Nc7+ Kd7 16. Ne5+ dxe5 17. Rd1+ Kc8 18. Rd8+ Kxd8 19. Ne6+
1-0

[Event "Pacific Ocean Regional Championship"]
[Site "SchemingMind.com"]
[Date "2012.01.06"]
[Round "-"]
[White "pengle"]
[Black "Tanis"]
[Result "0-1"]
[WhiteCountry "USA"]
[BlackCountry "CHN"]
[WhiteElo "1852"]
[WhiteRD "87"]
[BlackElo "2140"]
[BlackRD "93"]
[GameID "300719"]

1. c4 e5 2. Nc3 Nf6 3. e3 Bb4 4. Nd5 Nxd5 5. cxd5 O-O 6. Bc4 d6 7. a3 Bc5 8. b4 Bb6 9. Bb2 a5 10. h3 axb4
11. axb4 Rxa1 12. Qxa1 Na6 13. Bc3 Qg5 14. g3 Qg6 15. Ne2 Qe4 16. Rh2 Qxc4 17. Qb2 Re8 18. f4 Qxd5 19. g4 Bd7 20. f5 Qf3
21. Qc2 c5 22. Rf2 Qxh3 23. g5 cxb4 24. Bb2 Nc5 25. g6 Qh1+ 26. Rf1 Qh4+ 27. Rf2 Bb5 28. gxf7+ Kxf7 29. f6 Ne4 30. Qb3+ Kg6
0-1

[Event "Pacific Ocean Regional Championship"]
[Site "SchemingMind.com"]
[Date "2012.01.25"]
[Round "-"]
[White "VladimirII"]
[Black "César Jesús Reyes Maldonado"]
[Result "1/2-1/2"]
[WhiteCountry "RUS"]
[BlackCountry "VEN"]
[WhiteElo "2269"]
[WhiteRD "115"]
[BlackElo "2536"]
[BlackRD "57"]
[GameID "302127"]

1. e4 c5 2. c3 d5 3. exd5 Qxd5 4. d4 Nf6 5. Nf3 e6 6. Na3 Nc6 7. Nb5 Qd8 8. dxc5 Bxc5 9. Qxd8+ Kxd8 10. Be2 Ke7
11. O-O Rd8 12. Nd2 Kf8 13. Nb3 Be7 14. Re1 e5 15. Bg5 Bf5 16. Bf3 h6 17. Bxf6 gxf6 18. Nc7 Rac8 19. Nd5 Be6 20. Nxe7 Kxe7
21. Rad1 b6 22. Be2 Rxd1 23. Rxd1 a5 24. f3 a4 25. Nd2 a3 26. bxa3 Na5 27. c4 Nxc4 28. Nxc4 Bxc4 29. Bxc4 Rxc4 30. Rb1 Ra4
31. Rxb6 Rxa3 32. Rb8 f5 33. Rh8 f6 34. Rxh6 Kf7 35. Rh7+ Kg6 36. Re7 Rxa2 37. g3 Ra1+ 38. Kf2 Ra2+ 39. Kg1 Ra3 40. Kf2 Rc3
41. h4 Rc2+ 42. Kf1 Rh2 43. Kg1=
1/2-1/2

[Event "Pacific Ocean Regional Championship"]
[Site "SchemingMind.com"]
[Date "2012.03.13"]
[Round "-"]
[White "wayder"]
[Black "littleboo"]
[Result "0-1"]
[WhiteCountry "USA"]
[BlackCountry "USA"]
[WhiteElo "1920"]
[WhiteRD "97"]
[BlackElo "2176"]
[BlackRD "78"]
[GameID "305139"]

1. d4 d5 2. c4 dxc4 3. Nf3 Nf6 4. e3 e6 5. Bxc4 Bd6 6. O-O O-O 7. Nc3 Nc6 8. e4 e5 9. d5 Ne7 10. Bg5 Ng6
11. Re1 Be7 12. Qd2 Bg4 13. Re3 Ne8 14. Bxe7 Qxe7 15. Nb5 a6 16. Nc3 Nd6 17. Bb3 Nf4 18. h3 Bxf3 19. Rxf3 Qg5 20. Rxf4 exf4
21. Re1 Qe5
0-1

[Event "Pacific Ocean Regional Championship"]
[Site "SchemingMind.com"]
[Date "2012.03.13"]
[Round "-"]
[White "littleboo"]
[Black "wayder"]
[Result "1-0"]
[WhiteCountry "USA"]
[BlackCountry "USA"]
[WhiteElo "2176"]
[WhiteRD "78"]
[BlackElo "1920"]
[BlackRD "97"]
[GameID "305145"]

1. e4 e5 2. Nf3 Nc6 3. Bc4 Nf6 4. Ng5 d5 5. exd5 Na5 6. Bb5+ c6 7. dxc6 bxc6 8. Qf3 Rb8 9. Bd3 Qc7 10. Nc3 Bg4
11. Qg3 Bd6 12. Nge4 Rb4 13. f3 Nxe4 14. Nxe4 f5 15. Nxd6+ Qxd6 16. Be2 O-O 17. fxg4 f4 18. Qa3 e4 19. c3 f3 20. Qxb4 fxg2
21. Rg1 Qxh2 22. Qc5 Nb7 23. Bc4+
1-0

[Event "Pacific Ocean Regional Championship"]
[Site "SchemingMind.com"]
[Date "2012.04.04"]
[Round "-"]
[White "Tanis"]
[Black "César Jesús Reyes Maldonado"]
[Result "0-1"]
[WhiteCountry "CHN"]
[BlackCountry "VEN"]
[WhiteElo "2185"]
[WhiteRD "100"]
[BlackElo "2575"]
[BlackRD "62"]
[GameID "307334"]

1. e4 c5 2. Nf3 d6 3. d4 cxd4 4. Nxd4 Nf6 5. Nc3 a6 6. Be2 e5 7. Nb3 Be7 8. Bg5 O-O 9. Qd3 Be6 10. O-O-O Nbd7
11. Qg3 Rc8 12. Bd2 Rxc3 13. Bxc3 Nxe4 14. Qf3 d5 15. Ba5 b6 16. Be1 a5 17. Kb1 Qc7 18. Bb5 Nd6 19. Bxd7 Qxd7 20. h3 d4
21. Bd2 a4 22. Na1 Qb5 23. Rhg1 Nc4 24. b3 Na3+ 25. Kb2 Rc8 26. Rge1 Nxc2 27. Nxc2 axb3 28. Nb4 Bxb4
0-1

[Event "Pacific Ocean Regional Championship"]
[Site "SchemingMind.com"]
[Date "2012.04.04"]
[Round "-"]
[White "César Jesús Reyes Maldonado"]
[Black "Tanis"]
[Result "1-0"]
[WhiteCountry "VEN"]
[BlackCountry "CHN"]
[WhiteElo "2575"]
[WhiteRD "62"]
[BlackElo "2185"]
[BlackRD "100"]
[GameID "307336"]

1. e4 e6 2. d4 d5 3. Nc3 Bb4 4. e5 Ne7 5. a3 Bxc3+ 6. bxc3 c5 7. Qg4 Kf8 8. Nf3 Qa5 9. Bd2 Qa4 10. Rc1 b6
11. Bd3 Ba6 12. c4 Qxa3 13. Ng5 h6 14. Nxf7 Kxf7 15. Qf3+ Nf5 16. g4 Bxc4 17. gxf5 Bxd3 18. fxe6+ Kxe6 19. cxd3 Rg8 20. Rg1 Na6
21. Rg6+
1-0

[Event "Pacific Ocean Regional Championship"]
[Site "SchemingMind.com"]
[Date "2012.05.25"]
[Round "-"]
[White "littleboo"]
[Black "César Jesús Reyes Maldonado"]
[Result "0-1"]
[WhiteCountry "USA"]
[BlackCountry "VEN"]
[WhiteElo "2153"]
[WhiteRD "78"]
[BlackElo "2585"]
[BlackRD "78"]
[GameID "311075"]

1. e4 c5 2. Nc3 d6 3. f4 Nc6 4. Nf3 g6 5. Bb5 Bd7 6. O-O Bg7 7. Bc4 e6 8. d3 Nge7 9. e5 dxe5 10. Ne4 O-O
11. c3 Nd5 12. Nxc5 Nxf4 13. d4 Nd5 14. Nxe5 Nxe5 15. Bxd5 exd5 16. dxe5 Bf5 17. Qd4 Re8 18. Bf4 Qc7 19. Rae1 b6 20. Na6 Qb7
21. Nb4 Be4 22. Rd1 Rad8 23. Rd2 Qc7 24. Rfd1 a5 25. Nd3 Bxd3 26. Rxd3 Bxe5 27. Bxe5 Rxe5 28. Re3 Rde8 29. Rxe5 Rxe5 30. a4 Qe7
31. h3 Re2 32. Qxd5 Qe3+ 33. Kh1 Rxb2 34. Rf1 Rf2 35. Rxf2 Qe1+ 36. Kh2 Qxf2 37. Qe5 h6 38. c4 h5 39. Qe4 g5 40. Qe5 Qf4+
41. Qxf4 gxf4 42. g3 Kf8 43. Kg2 Ke7 44. gxf4 Kd6 45. Kg3 Kc5 46. Kh4 Kxc4 47. f5 b5 48. axb5 Kxb5 49. Kg5 a4 50. Kf6 a3
51. Kxf7 a2 52. f6 a1=Q 53. Kg6 Kc6 54. f7 Qh8
0-1

[Event "Pacific Ocean Regional Championship"]
[Site "SchemingMind.com"]
[Date "2012.05.25"]
[Round "-"]
[White "César Jesús Reyes Maldonado"]
[Black "littleboo"]
[Result "1-0"]
[WhiteCountry "VEN"]
[BlackCountry "USA"]
[WhiteElo "2582"]
[WhiteRD "72"]
[BlackElo "2152"]
[BlackRD "78"]
[GameID "311079"]

1. e4 c5 2. Nf3 Nc6 3. d4 cxd4 4. Nxd4 d5 5. exd5 Qxd5 6. Be3 Nf6 7. Nc3 Qa5 8. Bb5 Qc7 9. Qf3 Bd7 10. O-O-O a6
11. Bf4 Qb6 12. Na4 Qa5 13. Bxc6 bxc6 14. b3 Rc8 15. Rhe1 c5 16. Re5 e6 17. Nxe6 Bxe6 18. Qb7 Rd8 19. Qc6+ Ke7 20. Rxd8 Kxd8
21. Nb6 Qb5 22. Qa8+ Ke7 23. Qb7+ Qd7 24. Nxd7 Nxd7 25. Rxe6+ fxe6 26. Bg5+ Kd6 27. Bd8 Nf6 28. f4 Ne8 29. Qf7 c4 30. bxc4 g6
31. Qxe8 Rg8 32. Qf7 Rg7 33. Qxf8+ Kc6 34. Qxg7 Kc5 35. Qc7+ Kd4 36. Kd2 a5 37. c3+ Ke4 38. Qe5#
1-0